000 01409pam a2200361 a 4500
999 _c27302
_d27302
001 2980001
005 20170208092821.0
008 920316s1992 nyua j 001 0 eng
010 _a 92052987
020 _a1562822977 (lib. bdg.)
020 _a1562822969 (trade)
042 _alcac
050 0 0 _aND1146 .P45 1992
100 1 _aPekarik, Andrew.
245 1 0 _aPainting :
_bbehind the scenes /
_cAndrew Pekarik.
250 _a1st ed.
260 _aNew York :
_bHyperion Books for Children,
_cc1992.
300 _aiv, 60 p. :
_bcol. ill. ;
_c21 x 27 cm.
500 _a"Companion book to the PBS series Behind the scenes"--Cover.
500 _aIncludes index.
520 _aDiscusses painting from an artist's viewpoint and uses specific examples to point out how to discover the details in a painting.
650 0 _aPainting
_xAppreciation
_xJuvenile literature.
650 1 _aPainting.
650 1 _aArt appreciation.
730 0 _aBehind the scenes (Television program)
942 _2lcc
_cBOOKS